Psychological Change As an Outcome of Participation in Collective Action.

Bibliographic Details
Main Author: Vestergren, Sara.
Format: eBook
Language:English
Published: Linköping : Linkopings Universitet, 2018.
Edition:1st ed.
Series:Linköping Studies in Arts and Sciences Series
Subjects:
Online Access:Click to View
LEADER 02059nam a22003853i 4500
001 EBC5510175
003 MiAaPQ
005 20240729202202.0
006 m o d |
007 cr cnu||||||||
008 240729s2018 xx o ||||0 eng d
020 |a 9789176852422  |q (electronic bk.) 
035 |a (MiAaPQ)EBC5510175 
035 |a (Au-PeEL)EBL5510175 
035 |a (CaPaEBR)ebr11607957 
035 |a (OCoLC)1053703932 
040 |a MiAaPQ  |b eng  |e rda  |e pn  |c MiAaPQ  |d MiAaPQ 
100 1 |a Vestergren, Sara. 
245 1 0 |a Psychological Change As an Outcome of Participation in Collective Action. 
250 |a 1st ed. 
264 1 |a Linköping :  |b Linkopings Universitet,  |c 2018. 
264 4 |c {copy}2018. 
300 |a 1 online resource (151 pages) 
336 |a text  |b txt  |2 rdacontent 
337 |a computer  |b c  |2 rdamedia 
338 |a online resource  |b cr  |2 rdacarrier 
490 1 |a Linköping Studies in Arts and Sciences Series ;  |v v.746 
505 0 |a Intro -- Abstract -- Empirical studies -- Thesis overview -- Table of contents -- Psychological change as an outcome of participation in collective action -- Previous Research on Collective action and Psychological change -- Methodology -- The Studies: Summary of the findings -- Discussion -- References -- Sammanfattning på svenska -- Acknowledgements -- Appendices -- Articles -- LINKÖPING STUDIES IN BEHAVIOURAL SCIENCE. 
588 |a Description based on publisher supplied metadata and other sources. 
590 |a Electronic reproduction. Ann Arbor, Michigan : ProQuest Ebook Central, 2024. Available via World Wide Web. Access may be limited to ProQuest Ebook Central affiliated libraries.  
655 4 |a Electronic books. 
776 0 8 |i Print version:  |a Vestergren, Sara  |t Psychological Change As an Outcome of Participation in Collective Action  |d Linköping : Linkopings Universitet,c2018 
797 2 |a ProQuest (Firm) 
830 0 |a Linköping Studies in Arts and Sciences Series 
856 4 0 |u https://ebookcentral.proquest.com/lib/matrademy/detail.action?docID=5510175  |z Click to View